Özürlüler Kanunu ve ilgili mevzuat (Record no. 6876)

MARC details
000 -BAŞLIK
Sabit Uzunlukta Kontrol Alanı 01004na a2200289 4500
001 - KONTROL NUMARASI
Denetim Alanı 17126
003 - KONTROL NUMARASI IDENTIFIER
Denetim Alanı MIRAKIL
005 - SON İŞLEM TARİHİ VE ZAMANI
Denetim Alanı 20181213155122.0
008 - SABİT-BOY VERİ ELEMANLARI - GENEL BİLGİLER
Sabit Uzunlukta Kontrol Alanı 161022b tu 000 0
020 ## - ULUSLARARASI STANDART KİTAP NUMARASI
Uluslararası Standart Kitap Numarası 975193947X
035 ## - SİSTEM KONTROL NUMARASI
Sistem Kontrol Numarası 17126
040 ## - KATALOGLAMA KAYNAK
Orijinal Kataloglama Ajansı Milas
Kataloglama Dili tur
Metne Dönüştürmek Ajansı TR-AnCHP
041 ## - DİL KODU
Metin / Ses Parça Veya Ayrı Başlığın Dil Kodu tur
082 ## - DEWEY ONLU SINIFLANDIRMA NUMARASI
Sınıflandırma Numarası 346.01380263
Ürün Numarası E53ö 2010
090 ## - SINIFLAMA NUMARASI
Sınıflama Numarası 346.01380263 E53ö 2010
110 ## - ANA GİRİŞ - KURUMSAL ADI
Giriş Elemanı Olarak Kurumsal Ad Veya Yargı Alanı Adı Engelli ve Yaşlı Hizmetleri Genel Müdürlüğü
245 ## - BAŞLIK TABLOSU
Başlık Özürlüler Kanunu ve ilgili mevzuat
Sorumluluk Tablosu, Vb Özürlüler İdaresi Başkanlığı
250 ## - EDITION TABLOSU
Baskı Beyanı 4. bs.
260 ## - YAYIN, DAĞITIM, VB
Yayın, Dağıtım, Vb Yeri Ankara
Yayıncı, Dağıtıcı, Vs Adı Özürlüler İdaresi Başkanlığı
Yayın, Dağıtım, Vb Tarihi 2010
300 ## - FİZİKSEL TANIM
Kapsam x, 566 s.
Boyutlar 24 sm. + 1 CD
490 ## - SERİSİ TABLOSU
Seri Beyanı Özürlüler İdaresi Başkanlığı yayınları
Hacim / Ardışık Tanımı 43
500 ## - GENEL NOT
Genel Not Kurumun yeni adı: Engelli ve Yaşlı Hizmetleri Genel Müdürlüğü
650 ## - KONU KATMA GİRİŞ - TOPİKAL DÖNEM
Topikal Süreli Veya Coğrafi Ad Giriş Elemanı Engelliler
Genel Alt Bölümü Kanunlar ve yönetmelikler
Coğrafi Alt Bölümü Türkiye
650 ## - KONU KATMA GİRİŞ - TOPİKAL DÖNEM
Topikal Süreli Veya Coğrafi Ad Giriş Elemanı Engelliler
Genel Alt Bölümü Hukuk ve mevzuat
Coğrafi Alt Bölümü Türkiye
710 ## - KATMA GİRİŞ - KURUMSAL ADI
Giriş Elemanı Olarak Kurumsal Ad Veya Yargı Alanı Adı Özürlüler İdaresi Başkanlığı
942 ## - EKLENDİ GİRİŞ ELEMANLARI (KOHA)
Sınıflandırma Veya Raf Düzeni Kaynak Dewey Decimal Classification
Koha Öğesi Türü Books
999 ## - SİSTEM KONTROL NUMARALARI (KOHA)
Koha Biblionumber 6876
Koha Biblioitemnumber 6876
Holdings
Kalıcı Konum Mevcut Konum Edinme Tarihi Edinim Kaynak Toplam Check-Out'Lar Tam Çağrı Numarası Barkod Tarih Son Görülme İtibaren Geçerli Fiyatlar Koha Öğesi Türü Kopya Sayısı
CHP Kütüphanesi CHP Kütüphanesi 10/22/2016 Bağış   346.01380263 E53ö 2010 005466 10/22/2016 10/22/2016 Books  
CHP Kütüphanesi CHP Kütüphanesi 10/22/2016 Bağış   346.01380263 E53ö 2010 005467 10/22/2016 10/22/2016 Books k.2